| 000 | nam a22 7a 4500 | ||
|---|---|---|---|
| 999 |
_c129212 _d129212 |
||
| 008 | 190314b xxu||||| |||| 00| 0 eng d | ||
| 050 | _aQH336.N6 | ||
| 100 |
_aNoble, Edmund _945242 |
||
| 245 |
_aPurposive evolution _bthe link between science and religion _cEdmund Noble |
||
| 260 |
_aNew York _bHenry Holt and Company _c1926 |
||
| 300 |
_axi, 578p. ; _c23cm. |
||
| 650 |
_aEvolution _916208 |
||
| 650 |
_aTelelogy _945243 |
||
| 942 |
_2lcc _cMONOGRAPH |
||